000 00664nam a22001937a 4500
999 _c164186
_d164186
005 20190513164703.0
010 _aUR-10106
020 _c250.00
_a9789388105859
035 _aU-8661
037 _bDBAD/PUB
082 _a840.08
100 _aا حمد عا ر ف
245 _aا يک کمر ے و ا لا مکا ن
_cا حمد عا ر ف
246 _b‏Ek Kamre wala Makaan(Urdu)
_aby Ahmed Arif
260 _a Delhi
_bEducational Publishing House
_c2018 ء
270 _a3191،Vakil Street,Kucha Pandit,Lal Kuan,
_bDelhi
_e110006
_k23216162
_l00911123211540
300 _a129ص
_c22 Cm.(bk)
942 _2ddc
_cUR
_h840.08
_mا ح م